| 000 | 00773nam a2200205 i 4500 | ||
|---|---|---|---|
| 001 | 136621 | ||
| 003 | ES-MaACL | ||
| 005 | 20250808004438.0 | ||
| 007 | t| | ||
| 008 | 070214s1948 sp r ||||1| spa d | ||
| 100 | 0 |
_aSáez Martín, Bernardo. _9101378 |
|
| 245 | 1 | 0 |
_aVaso de terra sigilata fabricado en España / _cBernardo Sáez Martín. |
| 260 |
_aMadrid : _b[s.n.], _c1948 ( _fDiana Artes Gráficas) |
||
| 300 |
_a15 p., 4 lám. : _bil. ; _c26 cm. |
||
| 490 | 1 |
_aPublicaciones del seminario de historia primitiva del hombre. Notas ; _v4 |
|
| 711 | 1 |
_aSeminario de Historia Primitiva del Hombre. _91042 |
|
| 830 | 0 | 0 |
_aPublicaciones del Seminario de Historia Primitiva del Hombre _v4 _9220019 |
| 852 |
_aES-MaACL _j1525-F-29 _bR.26452 |
||
| 999 |
_c136621 _d136621 |
||